Open Data Biblioteca Nacional de Portugal


República Portuguesa: Ministério da Cultura
Biblioteca Nacional de Portugal

Catálogo da BNP: acesso por Identificadores Unívocos
Registos Bibliográficos associados ao registo de autoridade

Etiqueta de registo: 00254nam 2200025 450
001 2286494
003 http://id.bnportugal.gov.pt/bib/catbnp/2286494
021 ## $aPT$b560148/26
100 ## $a20260519d2026 m y0pory01030103ba
101 1# $apor
102 ## $aPT
105 ## $ay z 000fy
106 ## $ar
200 1# $aFlores bravias e outras histórias$fErskine Caldwell$gtrad. e sel. José Luís Almeida
205 ## $a1ª ed
210 #9 $a[S.l.]$cSnob,$d2026
215 ## $a278, [8] p.$d19 cm
225 2# $aPedante
675 ## $a821.111(73)-34"19"$vBN$zpor$3438102
700 #1 $aCaldwell,$bErskine,$f1903-1987$319674
702 #1 $910$aAlmeida,$bJosé Luís$4730$31998693
801 #0 $aPT$bBN$gRPC
856 41 $uhttp://rnod.bnportugal.gov.pt/ImagesBN/winlibimg.aspx?skey=&doc=2286494&img=222745&save=true
900 ## $aBIBNAC$d20260611
966 ## $lBN$mFGMON$sL. 123956 P.$x1
966 ## $lBN$mFGMON$sL. 123956 P.-D$x1
971 ## $cisantos$d20260519
972 ## $e0$z0$d20260611$vlrevez
973 ## $cigoulao$d20260527
975 ## $e0$d20260617$viquintas

OpendataBNP@bnportugal.pt | Mais informação sobre acesso aos dados BNP